00975cam a22002411i 4500001001300000003000400013005001700017008004100034010001700075035001900092040002600111042001200137050001500149100004800164245028000212260004900492300002500541440005700566650002900623650003700652740002700689999001700716e 34000595 DLC20260227111224.0790723s1934 xx 000 0 eng  ae 34000595  a(OCoLC)5199746 aDLCcPLhSdOCoLCdDLC apremarc00aZ5811b.T91 aTurosienski, Severin Kazimierz,d1884-1944.10aForeign and comparative education;ba list of references /cby Severin K. Turosienski, associate specialist in foreign education, Office of education ... United States Department of the interior, Harold L. Ickes, secretary. Office of education, George F. Zook, commissioner. aWashington :bU.S. Govt. print. off.,c1934. avii, 59 p. ;c24 cm. 0aU. S. Office of education. Bulletin, 1934,vno. 10 0aEducationvBibliography. 0aEducationzEuropevBibliography.0 aComparative education. c21406d21406